02002nam a2200397 a 4500001001200000003000800012006001900020007001500039008004100054010001700095020003800112020003500150020004300185020004000228040002100268035002100289043001200310050002500322082001800347100001800365245008200383260006200465300002300527490005200550504006600602505043600668533015201104650002401256650002701280650005501307655002901362710001701391830005301408856012601461999001701587ebr10300835CaPaEBRm u cr cn|||||||||080321s2008 enka sb 001 0 eng  z 2008013078 z9781405184533 (pbk. : alk. paper) z1405184531 (pbk. : alk. paper) z9781405184540 (hardcover : alk. paper) z140518454X (hardcover : alk. paper) aCaPaEBRcCaPaEBR a(OCoLC)318240357 an-us---14aP120.R32bH55 2008eb04a306.440892221 aHill, Jane H.14aThe everyday language of white racismh[electronic resource] /cJane H. Hill. aChichester, U.K. ;aMalden, MA :bWiley-Blackwell,c2008. aix, 224 p. :bill.1 aBlackwell studies in discourse and culture ;v3 aIncludes bibliographical references (p. [197]-216) and index.0 aThe persistence of white racism -- Language in white racism: an overview -- The social life of slurs -- Gaffes: racist talk without racists -- Covert racist discourse: metaphors, mocking, and the racialization of historically Spanish-speaking populations in the United States -- Linguistic appropriation: the history of white racism is embedded in American English -- Everyday language, white racist culture, respect, and civility. aElectronic reproduction.bPalo Alto, Calif. :cebrary,d2013.nAvailable via World Wide Web.nAccess may be limited to ebrary affiliated libraries. 0aRacism in language. 0aRacismzUnited States. 0aDiscourse analysisxSocial aspectszUnited States. 7aElectronic books.2local2 aebrary, Inc. 0aBlackwell studies in discourse and culture ;v3.40uhttp://site.ebrary.com/lib/rucke/Doc?id=10300835zAn electronic book accessible through the World Wide Web; click to view c66477d66477